Loading...
| Literature - European long fiction | 0 | 4 | 0 | 1 | 40 | 63 | 96.75 | 0 | 2 |
| Literature - World/Misc poetry | 0 | 3 | 0 | 0 | 30 | 59 | 78.33 | 1 | 2 |
| Literature - British poetry | 0 | 2 | 0 | 0 | 20 | 54 | 82.50 | 0 | 1 |
| Literature - World/Misc drama | 0 | 2 | 0 | 0 | 20 | 76 | 79.50 | 0 | 1 |
| Literature - British short fiction | 0 | 2 | 0 | 0 | 20 | 110 | 130.00 | 0 | 0 |
| Literature - British long fiction | 0 | 2 | 0 | 0 | 20 | 52 | 70.50 | 1 | 2 |
| Literature - European poetry | 0 | 2 | 1 | 0 | 15 | 93 | 113.00 | 1 | 1 |
| Social Science - Law | 0 | 1 | 0 | 1 | 10 | 150 | 150.00 | 0 | 0 |
| Literature - American any | 0 | 1 | 0 | 0 | 10 | 62 | 62.00 | 0 | 1 |
| Literature - British any | 0 | 1 | 0 | 0 | 10 | 104 | 104.00 | 0 | 0 |
| Literature - European short fiction | 0 | 1 | 0 | 0 | 10 | 91 | 91.00 | 0 | 0 |
| Philosophy - 20th century | 0 | 1 | 0 | 0 | 10 | 134 | 134.00 | 0 | 0 |
| Science - Biology | 0 | 1 | 0 | 0 | 10 | 111 | 111.00 | 0 | 0 |
| Science - Physics | 0 | 1 | 0 | 0 | 10 | 124 | 124.00 | 0 | 0 |
| History - American | 0 | 1 | 0 | 0 | 10 | 114 | 114.00 | 0 | 0 |
| Literature - British drama | 0 | 1 | 1 | 0 | 5 | 47 | 47.00 | 0 | 1 |
| Literature - World/Misc any | 0 | 1 | 1 | 0 | 5 | 123 | 123.00 | 0 | 0 |
| Literature - American long fiction | 0 | 1 | 1 | 0 | 5 | 120 | 120.00 | 0 | 0 |
| Philosophy - Pre-20th | 0 | 0 | 0 | 0 | 0 | 0.00 | 0 | 0 | |
| Literature - American drama | 0 | 0 | 1 | 0 | -5 | 0.00 | 0 | 0 |